000 00514nam a2200169 i 4500
001 23476
003 ES-MaACL
005 20240424063037.0
007 t|
008 021210s1982 sp ||||1| spa d
100 1 _aÁlvarez Lencero, Luis,
_d1923-1983
_9138667
245 1 0 _aHumano /
_cLuis Alvarez Lencero.
260 _aBadajoz :
_bConsejería de Cultura de la Junta Regional de Extremadura,
_c1982.
300 _a68 p. ;
_c20 cm.
852 _aES-MaACL
_jL-4554
_bR.105368
999 _c23476
_d23476